000 00933nam a22002297a 4500
999 _c2168
_d2168
003 AR-CdUCM
008 190304b ||||| |||| 00| 0 spa d
040 _aMUNICIPALIDAD PROVINCIAL DEL CUSCO
_cBIBLIOTECA MUNICIPAL DEL CUSCO
041 _hfre
082 _aC338.91 /
_bF917
100 _aFrisch, Ragnar Anton Kittel
_97815
245 _aLa planificación desde abajo /
260 _aLima : [Eds. EUNAFEV], 1972.
_bEds. EUNAFEV,
_c1972.
300 _a44 paginas ;
_b1 esquema,
_c19 cm.
505 _apueden combinarse la paz y rapidez de desarrollo -- La planificación tiene que ser operativa y no solamente formal -- Los objetivos contratantes -- El factor humano -- Las metas de nivel superior político...
650 _aPosición cualitativa
_97816
650 _aFactor humano
_97817
650 _aAdministración púbica
_97818
700 _aTradardi, Franco (Traductor)
_97819
942 _2ddc
_cLIBROS
945 _awnts